Berlin Brandenburg Airport Destinations (Berlin, Germany) - Statistics

General Stats
  • This quiz has been taken 342 times
    196 since last reset
  • The average score is 107 of 165
Answer Stats
Airline Destination % Correct
Lufthansa Munich
96%
Delta Air Lines/Norse Atlantic Airways New York (JFK)
95%
easyJet/KLM Amsterdam
94%
Aegean Airlines/Ryanair Athens
94%
Eurowings/Finnair Helsinki
94%
Turkish Airlines Istanbul
94%
AJet/Pegasus Airlines Istanbul (Sabiha Gokcen)
94%
Norwegian Air Shuttle/Scandinavian Airlines Oslo
94%
LOT Polish Airlines Warsaw (Chopin)
94%
Brussels Airways Brussels
93%
Aer Lingus/Ryanair Dublin
93%
Condor/Lufthansa Frankfurt
93%
Ryanair/TAP Air Portugal Lisbon
93%
British Airways London (City)
93%
easyJet London (Gatwick)
93%
British Airways London (Heathrow)
93%
easyJet London (Luton)
93%
Ryanair London (Stansted)
93%
easyJet/Eurowings/Norwegian Air Shuttle/Scandinavian Airlines Stockholm (Arlanda)
93%
easyJet/Norwegian Air Shuttle/Scandinavian Airlines Copenhagen
92%
easyJet Milan (Linate)
92%
Ryanair Milan (Malpensa)
92%
Austrian Airlines Vienna
92%
easyJet/Eurowings/Swiss International Air Lines Zurich
92%
easyJet/Ryanair/Vueling Barcelona
91%
Egyptair Cairo
91%
Iberia/Ryanair Madrid
91%
Air France/easyJet Paris (Charles de Gaulle)
91%
easyJet/Transavia Paris (Orly)
91%
easyJet/Ryanair Rome (Fiumicino)
91%
airBaltic Riga
89%
Croatia Airlines Zagreb
89%
Qatar Airways Doha
88%
easyJet/Ryanair Edinburgh
88%
Icelandair/Play Reykjavik
88%
Norwegian Air Shuttle Bergen
87%
easyJet/Jet2.com Glasgow
87%
easyJet/Jet2.com/Ryanair Manchester
87%
easyJet/Eurowings/Ryanair Porto
87%
Ryanair Bucharest
86%
Ryanair/Wizz Air Budapest
86%
easyJet/Swiss International Air Lines Geneva
86%
Bulgaria Air/Ryanair Sofia
86%
AJet/Pegasus Airlines/SunExpress Ankara
85%
Air Serbia/Wizz Air Belgrade
85%
Eurowings Cologne/Bonn
85%
Ryanair Marseille
85%
airBaltic/Ryanair Vilnius
85%
Eurowings Dusseldorf
83%
Hainan Airlines Beijing (Capital)
82%
airBaltic/Ryanair Tallinn
82%
easyJet/El Al/Israir Tel Aviv
82%
Eurowings/Nouvelair Tunis
82%
Eurowings/SmartLynx Airlines Dubai (Al Maktoum)
81%
Condor/Eurowings Dubai (International)
81%
Royal Jordanian Amman (Queen Alia)
80%
Corendon Airlines/easyJet/Freebird Airlines/Pegasus Airlines/SunExpress Antalya
80%
easyJet/Volotea Lyon
80%
easyJet/Eurowings/Ryanair/Sundair Palma de Mallorca
80%
Azerbaijan Airlines Baku
79%
easyJet Naples
79%
Eurowings Stuttgart
79%
easyJet/Ryanair Venice
79%
Corendon Airlines/Pegasus Airlines/SunExpress Izmir
78%
Luxair Luxembourg
78%
easyJet/Eurowings Nice
78%
Aegean Airlines/easyJet/Ryanair Thessaloniki
78%
easyJet/Ryanair Birmingham
77%
easyJet/Ryanair Valencia
77%
KM Malta Airlines Malta
76%
Iraqi Airways Baghdad
75%
Eurowings/Georgian Airways Tbilisi
75%
easyJet Basel/Mulhouse
74%
Ryanair Krakow
74%
Ryanair Palermo
74%
Croatia Airlines/easyJet/Eurowings Split
74%
easyJet Bordeaux
73%
easyJet/Eurowings/Ryanair Ibiza
73%
Eurowings Bilbao
71%
easyJet Liverpool
71%
Wizz Air Tirana
70%
easyJet/Eurowings/Ryanair Málaga
69%
easyJet/Eurowings/Ryanair Dubrovnik
68%
Condor/Corendon Airlines/easyJet/Eurowings/ Ryanair/Sundair Heraklion
68%
Eurowings/Jet2.com Newcastle upon Tyne
68%
Eurowings Salzburg
68%
Eurowings Gothenburg
66%
Ryanair Bologna
64%
Norse Atlantic Airways Miami
64%
easyJet/Eurowings/Ryanair/Sundair Tenerife (South)
64%
Ryanair Bari
63%
Eurowings Abu Dhabi
62%
easyJet/Ryanair Catania
62%
Eurowings Graz
61%
Ryanair Marrakesh
61%
United Airlines Newark
61%
Condor/easyJet/Eurowings/ Ryanair/Sundair Rhodes
61%
Eurowings/Sundair Beirut
60%
FlyOne/SkyUp Airlines/Wizz Air Chișinău
60%
Condor/easyJet/Eurowings/ Ryanair/Sundair Gran Canaria
60%
Air Transat Toronto (Pearson)
59%
Eurowings/Ryanair Faro
58%
Wizz Air Skopje
58%
Ryanair Alicante
57%
easyJet/Eurowings/Ryanair/Sundair Corfu
57%
easyJet/Ryanair Pisa
57%
easyJet Bristol
56%
Eurowings/flynas Jeddah
56%
Jet2.com Leeds/Bradford
56%
Eurowings Yerevan
56%
Air Cairo/Condor/Corendon Airlines/easyJet/Eurowings/Sundair Hurghada
54%
easyJet Pristina
54%
easyJet/Sundair Funchal
52%
Ryanair Podgorica
52%
easyJet/Eurowings/Ryanair Zadar
52%
Condor/easyJet/Eurowings/ Ryanair/Sundair Kos
51%
Sundair/Wizz Air Varna
50%
Eurowings/FlyErbil/Iraqi Airlines Erbil
48%
easyJet/Eurowings/Norwegian Air Shuttle Tromsø
48%
easyJet/Eurowings Larnaca
47%
Transavia Nantes
47%
Ryanair Bergamo
46%
AJet/SunExpress Gaziantep
45%
SunExpress Bodrum
44%
easyJet/Ryanair Chania
44%
Nouvelair/Tunisair Djerba
44%
easyJet/Eurowings/Ryanair/Sundair Fuerteventura
44%
Air Cairo/easyJet Sharm El Sheikh
44%
Volotea Verona
44%
easyJet/Sundair Burgas
43%
AJet/SunExpress Adana/Mersin
42%
easyJet/Eurowings/Ryanair Lanzarote
42%
Eurowings Zakynthos
41%
easyJet Olbia
40%
Ryanair Paphos
40%
Turkish Airlines Trabzon
40%
SkyAlps Bolzano
38%
SunExpress Dalaman
38%
Ryanair Trieste
38%
easyJet Agadir
37%
easyJet La Palma
37%
Sundair Luxor
37%
easyJet/Eurowings Rovaniemi
37%
Volotea Strasbourg
37%
Jet2.com/Ryanair East Midlands
36%
easyJet Pula
35%
easyJet/Sundair Marsa Alam
34%
Wizz Air Iași
32%
easyJet/Eurowings Rijeka
32%
Nouvelair/Sundair Monastir
30%
SunExpress Kayseri
29%
AJet/SunExpress Samsun
29%
Eurowings Bastia
28%
easyJet/Eurowings Tivat
28%
Eurowings Jerez de la Frontera
26%
Wizz Air Kutaisi
24%
easyJet Preveza/Lefkada
24%
Ryanair Treviso
22%
SunExpress Diyarbakir
21%
DAT Saarbrücken
21%
easyJet Giza
19%
easyJet Salerno
19%
Corendon Airlines Gazipaşa
17%
Ryanair Castellón
12%
Ryanair Reggio Calabria
11%
No matching quizzes found
Score Distribution
Percent of People with Each Score
Percentile by Number Answered
Your Score History
You have not taken this quiz since the last reset